000 00433nam a2200169Ia 4500
005 20250508151757.0
008 008 250505s9999 xx 000 0 hin d
037 _aTextual
040 _aFEDL
_beng
_cFEDL
041 _ahin
_2eng
084 _a808.1, GUP
_qFEDL
100 _aGupt Dindayal
_9759959
245 0 _aHindi kavya kalanidhi
300 _a204p.
942 _cTEXL
_h808.1, GUP
999 _c1332093
_d1332093